000 00281nam a22001217a 4500
005 20250901165805.0
008 250320b |||||||| |||| 00| 0 eng d
050 _aPR 9387.9 .G58 2014
245 _aHILA
_cGITAA MORAA
260 _bSTORY MOJA
_c2017
300 _a160 P
942 _2lcc
999 _c9275
_d9275